Juran's quality control handbook / (Record no. 805)

MARC details
000 -LEADER
fixed length control field 01003pam a2200277 a 4500
005 - DATE AND TIME OF LATEST TRANSACTION
control field 20260322212035.0
008 - FIXED-LENGTH DATA ELEMENTS--GENERAL INFORMATION
fixed length control field data
010 ## - LIBRARY OF CONGRESS CONTROL NUMBER
LC control number 88004002
020 ## - INTERNATIONAL STANDARD BOOK NUMBER
International Standard Book Number 0070331766
020 ## - INTERNATIONAL STANDARD BOOK NUMBER
International Standard Book Number 9780070331761
040 ## - CATALOGING SOURCE
Original cataloging agency DLC
Transcribing agency DLC
Modifying agency DLC
050 00 - LIBRARY OF CONGRESS CALL NUMBER
Classification number TS156
Item number .J87 1988
082 00 - DEWEY DECIMAL CLASSIFICATION NUMBER
Classification number 658.5/62
Edition information 19
001 - CONTROL NUMBER
control field data
245 00 - TITLE STATEMENT
Title Juran's quality control handbook /
Statement of responsibility, etc. edited by J. M. Juran & Frank M. Gryna.
250 ## - EDITION STATEMENT
Edition statement 4th ed.
260 ## - PUBLICATION, DISTRIBUTION, ETC.
Place of publication, distribution, etc. New York :
Name of publisher, distributor, etc. McGraw-Hill,
Date of publication, distribution, etc. c1988.
300 ## - PHYSICAL DESCRIPTION
Extent 1 v. (various pagings) :
Other physical details ill. ;
Dimensions 23 cm.
500 ## - GENERAL NOTE
General note Rev. ed. of: Quality control handbook. 3rd ed. 1974.
504 ## - BIBLIOGRAPHY, ETC. NOTE
Bibliography, etc. note Includes bibliographical references and index.
650 #0 - SUBJECT ADDED ENTRY--TOPICAL TERM
Topical term or geographic name entry element Quality control
General subdivision Handbooks, manuals, etc.
700 1# - ADDED ENTRY--PERSONAL NAME
Personal name Juran, J. M.
Dates associated with a name 1904-
Fuller form of name (Joseph M.),
700 1# - ADDED ENTRY--PERSONAL NAME
Personal name Gryna, Frank M.
730 0# - ADDED ENTRY--UNIFORM TITLE
Uniform title Quality control handbook.
856 40 - ELECTRONIC LOCATION AND ACCESS
Uniform Resource Identifier <a href="https://openlibrary.org/works/OL3507368W/Quality-control_handbook?edition=juransqualitycon00jmju">https://openlibrary.org/works/OL3507368W/Quality-control_handbook?edition=juransqualitycon00jmju</a>
Link text Online access from the Open Library.
Public note Requires free sign up.
Holdings
Withdrawn status Lost status Damaged status Not for loan Home library Current library Shelving location Date acquired Total checkouts Full call number Barcode Date last seen Price effective from Koha item type
        Springfield Springfield General stacks 22/03/2026   658.5/62 19 BC0010829 22/03/2026 22/03/2026 Books